Ծաղկեփունջ : (Record no. 536672)
[ view plain ]
| 000 -LEADER | |
|---|---|
| fixed length control field | 00775nam a2200217 a 4500 |
| 001 - CONTROL NUMBER | |
| control field | 000772745 |
| 003 - CONTROL NUMBER IDENTIFIER | |
| control field | AM-YEHGA |
| 005 - DATE AND TIME OF LATEST TRANSACTION | |
| control field | 20251126122047.0 |
| 008 - FIXED-LENGTH DATA ELEMENTS--GENERAL INFORMATION | |
| fixed length control field | 101122s1959 le | r 000 0 arm d |
| 040 ## - CATALOGING SOURCE | |
| Original cataloging agency | AM-YEHGA |
| 041 0# - LANGUAGE CODE | |
| Language code of text/sound track or separate title | arm |
| 245 00 - TITLE STATEMENT | |
| Title | Ծաղկեփունջ : |
| Remainder of title | Բարոյալից պատմուածքներու / |
| Statement of responsibility, etc. | Առաջաբ.՝ Ն. Պէրպէրեան. |
| 250 ## - EDITION STATEMENT | |
| Edition statement | Բ տպագր. |
| 260 ## - PUBLICATION, DISTRIBUTION, ETC. | |
| Place of publication, distribution, etc. | Պէյրութ : |
| Name of publisher, distributor, etc. | Նուպար, |
| Date of publication, distribution, etc. | 1959. |
| 300 ## - PHYSICAL DESCRIPTION | |
| Extent | գիրք ; |
| Dimensions | 20 սմ. |
| 440 #0 - SERIES STATEMENT/ADDED ENTRY--TITLE | |
| Title | Մատենաշար «Ջահ» |
| Volume/sequential designation | Թիւ 1 |
| 505 10 - FORMATTED CONTENTS NOTE | |
| Miscellaneous information | Գ. Ա (1959, 47 էջ, «Ջահ» -թիւ 1) |
| 650 14 - SUBJECT ADDED ENTRY--TOPICAL TERM | |
| Topical term or geographic name entry element | Սփյուռքահայ գրականություն |
| General subdivision | Պատմվածք |
| 700 1# - ADDED ENTRY--PERSONAL NAME | |
| Personal name | Պէրպէրեան, Նուպար |
| Relator term | առաջաբ. |
| Relationship | aui |
| 942 ## - ADDED ENTRY ELEMENTS (KOHA) | |
| Source of classification or shelving scheme | Universal Decimal Classification |
| Koha item type | Գրքեր / Books |
| Withdrawn status | Lost status | Damaged status | Not for loan | Collection | Home library | Current library | Date acquired | Serial enumeration / chronology | Total checkouts | Full call number | Barcode | Date last seen | Price effective from | Koha item type | Public note |
|---|---|---|---|---|---|---|---|---|---|---|---|---|---|---|---|
| Zhamkochyan Individual collection | Fundamental Scientific Library | Fundamental Scientific Library | 16/09/2025 | Գ. Ա | Ժամ/1581 | FL0694249 | 16/09/2025 | 08/10/2025 | Գրքեր / Books | ILL Non-Circ. |
ՀՀ Գիտությունների ազգային ակադեմիայի հիմնարար գիտական գրադարան = Fundamental Scientific Library of NAS RA
All site content, except where otherwise noted, is licensed under a